01459nam a2200337 a 4500001001000000003000500010005001700015008004100032010001100073011001100084040000900095090001000104100004100114245017100155260004100326500006000367502008200427590004000509590004000549590004000589650003200629650003500661650003700696856007000733901000700803942001000810942000600820999001900826952014000845952013600985000112229CHAP20220329144251.0160118s2015 mx a fsm |||||||spa d a108690 a109662 cCHAP aTesis1 aOrtiz Balcázar, Jorge Luis913043710aExtracción minera de materiales pétreos y su influencia en la degradación del suelo Tequexquináhuac, México/h[En línea]cpor Jorge Luis Ortiz Balcásar. aChapingo, Méx. :bEl autor,c2015. aPara ver el contenido del material haga clic en la liga aTesis (Ing. en Recursos Naturales Renovables) -- UACH. Departamento de Suelos aE5995AHEb05c20160118lUCH01h1041 aE5995AHEb05c20160118lUCH01h1041 aE5995AHEb05c20160118lUCH01h135814aRocas sedimentarias.99816714aSuelosxDegradación.911033614aSueloszMéxico (Edo.).9110525 aFinding aiduhttp://10.13.5.2/tesis/sist112229.pdfzTeclea aquí aBK cTESIS n0 c108690d108690 00102local4053708TESISaBCbBCcPA_TESISd2016-01-18fTESISl0oTesisp33724002515256r2019-12-31 00:00:00tc.2w2019-12-31yTESIS 00104054718TESISaBCbBCd2016-01-18fTESISl0oTesisp33724002515298r2019-12-31 00:00:00w2019-12-31yTESISzRecien adquirido